[Event "TCh-FRA Top 12 2014"]
[Site "Saint-Quentin FRA"]
[Date "2014.06.01"]
[Round "9.3"]
[White "Renet, Olivier"]
[Black "Libiszewski, Fabien"]
[Result "1/2-1/2"]
[WhiteTitle "GM"]
[BlackTitle "GM"]
[WhiteElo "2480"]
[BlackElo "2543"]
[WhiteTeam "C.E. de Rueil Malmaison"]
[BlackTeam "Echecs Club Montpellier"]
[WhiteFideId "600040"]
[BlackFideId "616834"]
[EventDate "2014.05.24"]

1. e4 c5 2. Nf3 Nc6 3. Bb5 g6 4. O-O Bg7 5. Re1 Nf6 6. e5 Nd5 7. Nc3 Nc7 8. Bc4
O-O 9. d3 Nd4 10. Ne4 Nde6 11. c3 d5 12. exd6 exd6 13. Bb3 b6 14. h4 d5 15. Ng3
Qd6 16. d4 cxd4 17. cxd4 Ba6 18. Be3 f5 19. Ne2 Rae8 20. Nc3 f4 21. Bd2 Kh8 22.
Rc1 Bd3 23. a3 Qd8 24. Ba4 1/2-1/2

[Event "TCh-FRA Top 12 2014"]
[Site "Saint-Quentin FRA"]
[Date "2014.06.01"]
[Round "9.4"]
[White "Flear, Glenn C"]
[Black "Williams, Simon K"]
[Result "0-1"]
[WhiteTitle "GM"]
[BlackTitle "GM"]
[WhiteElo "2488"]
[BlackElo "2465"]
[WhiteTeam "Echecs Club Montpellier"]
[BlackTeam "C.E. de Rueil Malmaison"]
[WhiteFideId "400165"]
[BlackFideId "404454"]
[EventDate "2014.05.24"]

1. d4 e6 2. c4 Nf6 3. Nc3 Bb4 4. e3 O-O 5. Bd3 d6 6. Ne2 e5 7. O-O Re8 8. a3
Bxc3 9. Nxc3 Bg4 10. f3 Bh5 11. dxe5 dxe5 12. b4 Bg6 13. Be2 Nc6 14. Bb2 a5 15.
b5 Ne7 16. e4 Nd7 17. Na4 f6 18. c5 Bf7 19. Qc2 Nf8 20. Rad1 Qc8 21. f4 exf4 22.
Rxf4 Neg6 23. Rf5 Qe6 24. Nc3 Qb3 25. Qc1 c6 26. Rd6 Ne5 27. Nd1 Nfg6 28. bxc6
bxc6 29. Bc3 a4 30. Ne3 Rab8 31. Rf1 Nc4 32. Rxc6 Rxe4 33. Nxc4 Rxe2 34. Ne3 Re8
35. Rf3 Bd5 36. Rb6 Qa2 37. Nxd5 Rxg2+ 0-1

[Event "TCh-FRA Top 12 2014"]
[Site "Saint-Quentin FRA"]
[Date "2014.06.01"]
[Round "9.5"]
[White "Dubessay, Bastien"]
[Black "Kazhgaleyev, Murtas"]
[Result "1/2-1/2"]
[WhiteTitle "FM"]
[BlackTitle "GM"]
[WhiteElo "2352"]
[BlackElo "2570"]
[WhiteTeam "C.E. de Rueil Malmaison"]
[BlackTeam "Echecs Club Montpellier"]
[WhiteFideId "650048"]
[BlackFideId "13700316"]
[EventDate "2014.05.24"]

1. d4 Nf6 2. c4 g6 3. Nc3 Bg7 4. e4 d6 5. f3 O-O 6. Be3 c5 7. Nge2 Nc6 8. d5 Ne5
9. Ng3 e6 10. Be2 exd5 11. cxd5 h5 12. O-O Nh7 13. Qd2 h4 14. Nh1 f5 15. Nf2 Bd7
16. f4 Nf7 17. a4 Re8 18. Bd3 Nf6 19. Rfe1 Qa5 20. exf5 gxf5 21. Qc2 Nh6 22. h3
a6 23. Bd2 Qd8 24. Rxe8+ Qxe8 25. Re1 Qf8 26. a5 Nh5 27. Ne2 Re8 28. Qb3 Bc8 29.
Bc4 Nf6 30. Nc3 Kh8 31. Qd1 Bd7 32. Qf3 Rxe1+ 33. Bxe1 Qd8 34. Nb1 Ne4 35. Nxe4
fxe4 36. Qh5 Qf6 37. Bc3 Qxf4 38. Qg6 Bd4+ 39. Bxd4+ cxd4 40. Nd2 Qxd2 41. Qf6+
Kh7 42. Qe7+ Kg6 43. Qxd6+ Kh5 44. Qxd7 Qe3+ 45. Kh2 Qf4+ 46. Kg1 d3 47. Qe8+
Nf7 48. Bb3 d2 49. Qe6 e3 50. Bc2 Qf2+ 51. Kh1 Qf1+ 52. Kh2 Qf4+ 53. Kg1 Qf2+
54. Kh1 Qe1+ 55. Kh2 Qg3+ 56. Kh1 Qe1+ 57. Kh2 Qg3+ 58. Kh1 Nd6 59. Bd1+ Kg5 60.
Qe7+ Kh6 61. Qf8+ Kg5 62. Qe7+ Kh6 63. Qf8+ Kg5 64. Qe7+ 1/2-1/2

[Event "TCh-FRA Top 12 2014"]
[Site "Saint-Quentin FRA"]
[Date "2014.06.01"]
[Round "9.6"]
[White "Buscara, Sevan"]
[Black "Loiseau, Quentin"]
[Result "1-0"]
[WhiteTitle "FM"]
[BlackTitle "IM"]
[WhiteElo "2379"]
[BlackElo "2365"]
[WhiteTeam "Echecs Club Montpellier"]
[BlackTeam "C.E. de Rueil Malmaison"]
[WhiteFideId "650234"]
[BlackFideId "665274"]
[EventDate "2014.05.24"]

1. c4 c6 2. Nf3 d5 3. e3 Nf6 4. Nc3 e6 5. b3 Bd6 6. Bb2 O-O 7. Be2 Qe7 8. O-O a6
9. d4 Nbd7 10. Qc2 e5 11. dxe5 Nxe5 12. cxd5 cxd5 13. Rfd1 Be6 14. Rac1 Rad8 15.
Na4 Neg4 16. h3 Nh6 17. Bd3 Rc8 18. Qb1 b5 19. Nc3 Qb7 20. Ng5 Rfe8 21. Bxh7+
Kf8 22. Ne2 Rxc1 23. Rxc1 Bd7 24. Nf4 Qb8 25. Bd4 Re7 26. Nf3 Bxf4 27. exf4 Qxf4
28. Bc5 g6 29. Re1 Nf5 30. Qb2 Nd6 31. Ne5 Re6 32. Bxg6 Be8 33. g3 Qh6 34. Bf5
Ne4 35. Ng4 Qxh3 36. Rxe4 dxe4 37. Bxe6 1-0

[Event "TCh-FRA Top 12 2014"]
[Site "Saint-Quentin FRA"]
[Date "2014.06.01"]
[Round "9.7"]
[White "Debray, Christopher"]
[Black "Touzane, Olivier"]
[Result "1-0"]
[WhiteTitle "IM"]
[BlackTitle "IM"]
[WhiteElo "2351"]
[BlackElo "2325"]
[WhiteTeam "C.E. de Rueil Malmaison"]
[BlackTeam "Echecs Club Montpellier"]
[WhiteFideId "630810"]
[BlackFideId "602906"]
[EventDate "2014.05.24"]

1. d4 Nf6 2. c4 g6 3. Nc3 Bg7 4. Nf3 O-O 5. e4 d6 6. Be2 e5 7. O-O Nc6 8. dxe5
Nxe5 9. Nxe5 dxe5 10. Be3 Nd7 11. Qa4 c6 12. Rfd1 Qe7 13. b4 Re8 14. c5 Nf8 15.
b5 Bd7 16. bxc6 Bxc6 17. Bb5 Rec8 18. Bxc6 bxc6 19. Rd6 Qe8 20. Rb1 Rc7 21. Qa5
Qc8 22. Rbd1 Ne6 23. R6d2 Rb8 24. h3 h5 25. Qa4 Bf8 26. Qc4 Rcb7 27. Ne2 Rb4 28.
Qc3 Bg7 29. f3 Qa6 30. Kh2 Qa4 31. Qc2 Qa6 32. Nc1 Qa3 33. Nb3 a5 34. Rd3 Qa4
35. Qd2 Qb5 36. Qf2 a4 37. Nc1 Bf6 38. R3d2 Rc4 39. Nd3 Qa5 40. Rc2 Qa6 41. Rdc1
Rxc2 42. Qxc2 Rd8 43. Nb4 Qa8 44. Rd1 Rb8 45. a3 Nd4 46. Bxd4 exd4 47. f4 Rb5
48. e5 Be7 49. Rxd4 Bxc5 50. Rd7 Bxb4 51. axb4 Qf8 52. e6 Qxb4 53. e7 Qxf4+ 54.
g3 Qe5 55. Rd8+ 1-0

[Event "TCh-FRA Top 12 2014"]
[Site "Saint-Quentin FRA"]
[Date "2014.06.01"]
[Round "9.8"]
[White "Collas, Silvia"]
[Black "Congiu, Mathilde"]
[Result "0-1"]
[WhiteTitle "IM"]
[BlackTitle "WIM"]
[WhiteElo "2290"]
[BlackElo "2279"]
[WhiteTeam "Echecs Club Montpellier"]
[BlackTeam "C.E. de Rueil Malmaison"]
[WhiteFideId "2902265"]
[BlackFideId "634581"]
[EventDate "2014.05.24"]

1. Nf3 Nf6 2. d4 g6 3. Nbd2 Bg7 4. e4 d6 5. Bc4 O-O 6. Bb3 c5 7. dxc5 dxc5 8.
Qe2 Nc6 9. c3 Nh5 10. Qe3 b6 11. O-O Qc7 12. g3 Bb7 13. Re1 Nf6 14. h3 Na5 15.
Bc2 Rad8 16. Qe2 Qc8 17. Kh2 Ba6 18. Qe3 Ne8 19. b3 Nc6 20. Rb1 Nd4 21. cxd4
cxd4 22. Qg5 Bf6 23. Qh6 Qxc2 24. Ng5 Bxg5 25. Qxg5 f6 26. Qh6 Nd6 27. Kg1 Nf7
28. Qh4 Ne5 29. Qh6 Nf7 30. Qf4 Ne5 31. Qh6 Nd3 32. Rf1 g5 33. Ba3 Qxd2 34. Bxe7
Ne5 35. Rfd1 Qe2 36. Bxf6 Nf3+ 37. Kg2 Rd7 38. Rxd4 Nxd4 39. Qxg5+ Kf7 40. Bxd4
Qxe4+ 0-1

[Event "TCh-FRA Top 12 2014"]
[Site "Saint-Quentin FRA"]
[Date "2014.06.01"]
[Round "9.1"]
[White "Navara, David"]
[Black "Riazantsev, Alexander"]
[Result "1/2-1/2"]
[WhiteTitle "GM"]
[BlackTitle "GM"]
[WhiteElo "2708"]
[BlackElo "2692"]
[WhiteTeam "Mulhouse Philidor"]
[BlackTeam "Club d'Echecs Metz Fischer"]
[WhiteFideId "309095"]
[BlackFideId "4125029"]
[EventDate "2014.05.24"]

1. e4 e6 2. d4 d5 3. Nd2 c5 4. exd5 Qxd5 5. Ngf3 cxd4 6. Bc4 Qd7 7. Nb3 Nc6 8.
Nbxd4 Nxd4 9. Qxd4 Qxd4 10. Nxd4 Bd7 11. Bf4 Rc8 12. Bb3 Bc5 13. O-O-O Nf6 14.
f3 O-O 15. Be5 Rfd8 16. Rd3 Kf8 17. Rhd1 Ke7 18. c4 Ne8 19. Bc2 f6 20. Bg3 Bd6
21. Rc3 h6 22. a3 Bxg3 23. hxg3 Nd6 24. c5 Nb5 25. Nxb5 Bxb5 26. b4 Rxd1+ 27.
Kxd1 Rd8+ 28. Ke1 a6 29. g4 Rd4 30. Be4 Bc6 31. Rd3 Rxd3 32. Bxd3 Kd7 33. Kd2
Kc7 34. Ke3 e5 35. g3 Be8 36. f4 Bc6 37. Be4 Bd7 38. fxe5 fxe5 39. Bf3 Be8 40.
Bd5 Bd7 41. g5 Bf5 42. gxh6 gxh6 43. a4 Bc2 44. a5 Bf5 45. Kf3 Bg6 46. Kg4 Kb8
47. c6 bxc6 48. Bxc6 Kc7 49. Ba8 Kb8 50. Bd5 Bd3 51. Kf3 Kc7 52. Ke3 Bb5 53. Be4 1/2-1/2

[Event "TCh-FRA Top 12 2014"]
[Site "Saint-Quentin FRA"]
[Date "2014.06.01"]
[Round "9.2"]
[White "Postny, Evgeny"]
[Black "Wojtaszek, Radoslaw"]
[Result "1/2-1/2"]
[WhiteTitle "GM"]
[BlackTitle "GM"]
[WhiteElo "2641"]
[BlackElo "2724"]
[WhiteTeam "Club d'Echecs Metz Fischer"]
[BlackTeam "Mulhouse Philidor"]
[WhiteFideId "2804344"]
[BlackFideId "1118358"]
[EventDate "2014.05.24"]

1. d4 Nf6 2. c4 e6 3. Nf3 d5 4. g3 dxc4 5. Bg2 c5 6. O-O Nc6 7. dxc5 Qxd1 8.
Rxd1 Bxc5 9. Nbd2 c3 10. bxc3 O-O 11. Nb3 Be7 12. Nfd4 Nxd4 13. Nxd4 Rd8 14. Bd2
e5 15. Nb3 Bf5 16. Bg5 Rxd1+ 17. Rxd1 Rc8 18. Bxb7 Rxc3 19. Rc1 Rxc1+ 20. Nxc1
Ba3 21. Nd3 Be6 22. Be3 Bxa2 23. Bxa7 1/2-1/2

[Event "TCh-FRA Top 12 2014"]
[Site "Saint-Quentin FRA"]
[Date "2014.06.01"]
[Round "9.3"]
[White "Gajewski, Grzegorz"]
[Black "Iordachescu, Viorel"]
[Result "0-1"]
[WhiteTitle "GM"]
[BlackTitle "GM"]
[WhiteElo "2641"]
[BlackElo "2594"]
[WhiteTeam "Mulhouse Philidor"]
[BlackTeam "Club d'Echecs Metz Fischer"]
[WhiteFideId "1116207"]
[BlackFideId "13900200"]
[EventDate "2014.05.24"]

1. d4 Nf6 2. c4 e6 3. Nf3 b6 4. g3 Ba6 5. Qc2 Bb4+ 6. Bd2 Bxd2+ 7. Nbxd2 c5 8.
e4 O-O 9. e5 Ne8 10. Bd3 f5 11. d5 Bb7 12. O-O-O b5 13. d6 Nc6 14. Be2 a6 15. h4
Nb4 16. Qb3 Rb8 17. a3 Nc6 18. Qe3 Na5 19. Rhe1 Bc6 20. Kb1 bxc4 21. Qxc5 Bd5
22. Rc1 g6 23. Qe3 f4 24. gxf4 Ng7 25. Nxc4 Rb3 26. Qc5 Nxc4 27. Bxc4 Bxc4 28.
Nd4 Bd3+ 29. Ka2 Rb7 30. Re3 Bf5 31. Rh1 Qb8 32. Qc3 Rc8 33. Qd2 Rc2 34. Nxc2
Rxb2+ 35. Ka1 Rxc2 36. Qb4 Qc8 37. Rb3 Nh5 38. Rhb1 Rc4 39. Qb7 Bxb1 40. Qa7 Kg7
41. Rb8 Qc5 0-1

[Event "TCh-FRA Top 12 2014"]
[Site "Saint-Quentin FRA"]
[Date "2014.06.01"]
[Round "9.4"]
[White "Koch, Jean-Rene"]
[Black "Sokolov, Andrei1"]
[Result "1/2-1/2"]
[WhiteTitle "IM"]
[BlackTitle "GM"]
[WhiteElo "2455"]
[BlackElo "2560"]
[WhiteTeam "Club d'Echecs Metz Fischer"]
[BlackTeam "Mulhouse Philidor"]
[WhiteFideId "600148"]
[BlackFideId "627089"]
[EventDate "2014.05.24"]

1. e4 c5 2. Nf3 e6 3. d4 cxd4 4. Nxd4 Nc6 5. Nc3 Qc7 6. f4 a6 7. Nxc6 Qxc6 8.
Bd3 b5 9. Qe2 Bc5 10. Bd2 Bb7 11. a4 b4 12. Nd5 Nf6 13. Nxb4 Bxb4 14. Bxb4 Nxe4
15. a5 Nc5 16. Bxc5 Qxc5 17. Qf2 1/2-1/2

[Event "TCh-FRA Top 12 2014"]
[Site "Saint-Quentin FRA"]
[Date "2014.06.01"]
[Round "9.6"]
[White "Wirig, Anthony"]
[Black "Ider, Borya"]
[Result "1-0"]
[WhiteTitle "GM"]
[BlackTitle "FM"]
[WhiteElo "2488"]
[BlackElo "2392"]
[WhiteTeam "Club d'Echecs Metz Fischer"]
[BlackTeam "Mulhouse Philidor"]
[WhiteFideId "615013"]
[BlackFideId "4901134"]
[EventDate "2014.05.24"]

1. e4 e6 2. d4 d5 3. Nc3 Bb4 4. e5 c5 5. a3 Bxc3+ 6. bxc3 Qa5 7. Bd2 Qa4 8. h4
Ne7 9. h5 h6 10. Qg4 Nf5 11. Bd3 O-O 12. Qf4 c4 13. g4 cxd3 14. gxf5 f6 15. Qg3
exf5 16. Bxh6 Rf7 17. exf6 Qc6 18. Bxg7 Qxc3+ 19. Kf1 Qxa1+ 20. Kg2 Qxd4 21. Rh4
Qxh4 22. Qxh4 d2 23. h6 Kh7 24. Qh5 Nd7 1-0

[Event "TCh-FRA Top 12 2014"]
[Site "Saint-Quentin FRA"]
[Date "2014.06.01"]
[Round "9.7"]
[White "Lerch, Patrice"]
[Black "Neiman, Emmanuel"]
[Result "1-0"]
[WhiteTitle "FM"]
[BlackTitle "FM"]
[WhiteElo "2355"]
[BlackElo "2322"]
[WhiteTeam "Mulhouse Philidor"]
[BlackTeam "Club d'Echecs Metz Fischer"]
[WhiteFideId "605867"]
[BlackFideId "601616"]
[EventDate "2014.05.24"]

1. c4 g6 2. Nf3 Bg7 3. Nc3 Nf6 4. g3 O-O 5. Bg2 Nc6 6. O-O d6 7. Rb1 e5 8. b4 a6
9. d3 Re8 10. Nd5 e4 11. Nxf6+ Bxf6 12. dxe4 Rxe4 13. Nd2 Re8 14. Ne4 Bg7 15.
Bg5 f6 16. Bf4 Bf5 17. b5 axb5 18. cxb5 Ne5 19. b6 Kh8 20. bxc7 Qxc7 21. Nxd6
Red8 22. Rxb7 Qxd6 23. Qxd6 Rxd6 24. Rxg7 Rxa2 25. Rb7 Rxe2 26. Bh6 Nd7 27. Ra1
Kg8 28. Bf1 Rc2 29. Bb5 g5 30. Ba4 Kf7 31. g4 Be4 32. Rxd7+ Rxd7 33. Bxd7 Rc5
34. Re1 Rc4 35. f3 Bd5 36. Kf2 Rc2+ 37. Re2 Rc3 38. Re3 Rc2+ 39. Kg3 Kg6 40. Bf8 1-0

[Event "TCh-FRA Top 12 2014"]
[Site "Saint-Quentin FRA"]
[Date "2014.06.01"]
[Round "9.8"]
[White "Leconte, Maria"]
[Black "Choisy, Mathilde"]
[Result "1/2-1/2"]
[WhiteTitle "WGM"]
[BlackTitle "WFM"]
[WhiteElo "2259"]
[BlackElo "2144"]
[WhiteTeam "Club d'Echecs Metz Fischer"]
[BlackTeam "Mulhouse Philidor"]
[WhiteFideId "618446"]
[BlackFideId "634565"]
[EventDate "2014.05.24"]

1. d4 Nf6 2. Nf3 e6 3. c4 d5 4. Nc3 c6 5. g3 dxc4 6. Bg2 Be7 7. Ne5 O-O 8. O-O
Nd5 9. Nxc4 Nd7 10. e4 Nxc3 11. bxc3 b5 12. Ne3 Bb7 13. f4 Qb6 14. Rb1 c5 15. d5
exd5 16. exd5 c4 17. Kh1 Rac8 18. Nf5 Bc5 19. Qg4 Qg6 20. Qxg6 hxg6 21. Rxb5 Nb6
22. Be3 Bxe3 23. Nxe3 Rfe8 24. Ng4 Rcd8 25. Ra5 Bxd5 26. Rxa7 1/2-1/2

[Event "TCh-FRA Top 12 2014"]
[Site "Saint-Quentin FRA"]
[Date "2014.06.01"]
[Round "9.1"]
[White "Fressinet, Laurent"]
[Black "Amin, Bassem"]
[Result "1/2-1/2"]
[WhiteTitle "GM"]
[BlackTitle "GM"]
[WhiteElo "2711"]
[BlackElo "2628"]
[WhiteTeam "Clichy-Echecs-92"]
[BlackTeam "C.E. de Bois-Colombes"]
[WhiteFideId "608742"]
[BlackFideId "10601457"]
[EventDate "2014.05.24"]

1. e4 e5 2. Nf3 Nc6 3. Bb5 a6 4. Ba4 Nf6 5. O-O Be7 6. d3 d6 7. c3 O-O 8. Re1
Re8 9. Nbd2 Bf8 10. Nf1 b5 11. Bc2 Bb7 12. Bg5 h6 13. Bh4 g6 14. Ne3 Bg7 15. a4
Qd7 16. b4 Nd8 17. Nd2 Ne6 18. Nb3 h5 19. Na5 Bc8 20. Bxf6 Bxf6 21. Bb3 Rb8 22.
axb5 axb5 23. c4 Ba6 24. Nd5 Bg5 25. cxb5 Bxb5 26. Nc3 c6 27. Nxb5 cxb5 28. Bxe6
Qxe6 29. Nc6 Rb6 30. d4 exd4 31. Nxd4 Qc4 32. Nf3 Bh6 33. Qb1 Rc6 34. h3 Bg7 35.
Ra7 Bf6 36. Rb7 Ra6 37. Rc1 Ra1 38. Qxa1 Bxa1 39. Rxc4 bxc4 40. b5 Rxe4 41. b6
c3 42. Ra7 Bb2 43. b7 Rb4 44. Nd4 Kg7 45. Nc2 Rb6 46. Kf1 Bc1 47. Ke2 d5 48. g3
Bg5 49. Kd3 h4 50. Nd4 hxg3 51. fxg3 Bf6 52. Kxc3 Be5 53. g4 Bb8 54. Ra5 Rxb7
55. Rxd5 Rb1 56. Rb5 Rxb5 57. Nxb5 Kf6 58. h4 Ke5 59. h5 g5 60. h6 Kf6 61. Kd3
Kg6 62. Kd4 1/2-1/2

[Event "TCh-FRA Top 12 2014"]
[Site "Saint-Quentin FRA"]
[Date "2014.06.01"]
[Round "9.2"]
[White "Bauer, Christian"]
[Black "Vachier-Lagrave, Maxime"]
[Result "1/2-1/2"]
[WhiteTitle "GM"]
[BlackTitle "GM"]
[WhiteElo "2628"]
[BlackElo "2758"]
[WhiteTeam "C.E. de Bois-Colombes"]
[BlackTeam "Clichy-Echecs-92"]
[WhiteFideId "603767"]
[BlackFideId "623539"]
[EventDate "2014.05.24"]

1. g3 e5 2. Bg2 d5 3. d3 c6 4. Nf3 Bd6 5. O-O Nf6 6. c4 h6 7. Nc3 d4 8. Na4 O-O
9. b4 Re8 10. Rb1 Bf5 11. b5 Qc8 12. e3 dxe3 13. Bxe3 Bh3 14. Nc3 Bxg2 15. Kxg2
a6 1/2-1/2

[Event "TCh-FRA Top 12 2014"]
[Site "Saint-Quentin FRA"]
[Date "2014.06.01"]
[Round "9.3"]
[White "Jakovenko, Dmitry"]
[Black "Ipatov, Alexander"]
[Result "1-0"]
[WhiteTitle "GM"]
[BlackTitle "GM"]
[WhiteElo "2730"]
[BlackElo "2613"]
[WhiteTeam "Clichy-Echecs-92"]
[BlackTeam "C.E. de Bois-Colombes"]
[WhiteFideId "4122356"]
[BlackFideId "14116731"]
[EventDate "2014.05.24"]

1. d4 Nf6 2. c4 e6 3. Nf3 b6 4. g3 Bb7 5. Bg2 g6 6. O-O Bg7 7. Nc3 Ne4 8. Nxe4
Bxe4 9. Bg5 f6 10. Be3 Nc6 11. Qd2 O-O 12. Rfd1 Ne7 13. Bh6 Bxh6 14. Qxh6 d5 15.
Qe3 Nf5 16. Qc3 c6 17. Bh3 Bxf3 18. Qxf3 dxc4 19. Qxc6 Qd5 20. Qa4 Nd6 21. Bg2
Ne4 22. Rac1 b5 23. Qa6 f5 24. a4 Rab8 25. Rc2 f4 26. axb5 fxg3 27. fxg3 Rxb5
28. e3 Rb3 29. Re1 Rfb8 30. Qxa7 Rxb2 31. Rf1 Rb1 32. Rf2 R1b7 33. Qa3 Qd6 34.
Qxd6 Nxd6 35. Bxb7 Rxb7 36. Rf6 Re7 37. d5 1-0

[Event "TCh-FRA Top 12 2014"]
[Site "Saint-Quentin FRA"]
[Date "2014.06.01"]
[Round "9.4"]
[White "Cornette, Matthieu"]
[Black "Van Wely, Loek"]
[Result "0-1"]
[WhiteTitle "GM"]
[BlackTitle "GM"]
[WhiteElo "2547"]
[BlackElo "2656"]
[WhiteTeam "C.E. de Bois-Colombes"]
[BlackTeam "Clichy-Echecs-92"]
[WhiteFideId "620084"]
[BlackFideId "1000268"]
[EventDate "2014.05.24"]

1. d4 d5 2. c4 c6 3. Nf3 Nf6 4. Nc3 e6 5. Bg5 h6 6. Bxf6 Qxf6 7. e3 g6 8. Be2
Nd7 9. O-O Bg7 10. e4 dxc4 11. Bxc4 O-O 12. e5 Qe7 13. Re1 Rb8 14. Bd3 b6 15.
Qc2 Bb7 16. Be4 Rfc8 17. Rac1 b5 18. Nb1 Ba6 19. Qd2 c5 20. Qa5 Rb6 21. Nbd2 Qd8
22. a4 cxd4 23. axb5 Rxc1 24. Rxc1 Bxb5 25. Nxd4 Ba6 26. Nc6 Qg5 27. h4 Qxh4 28.
Re1 Bf8 29. g3 Qg5 30. Nf3 Qg4 31. Kg2 Nc5 32. Nh2 Qh5 33. Bf3 Qg5 34. Ng4 Kg7
35. Nf6 Rxb2 36. Qd8 Rxf2+ 37. Kxf2 Qe3+ 0-1

[Event "TCh-FRA Top 12 2014"]
[Site "Saint-Quentin FRA"]
[Date "2014.06.01"]
[Round "9.5"]
[White "Hamdouchi, Hicham"]
[Black "Kazakov, Mikhail"]
[Result "1-0"]
[WhiteTitle "GM"]
[BlackTitle "GM"]
[WhiteElo "2627"]
[BlackElo "2517"]
[WhiteTeam "Clichy-Echecs-92"]
[BlackTeam "C.E. de Bois-Colombes"]
[WhiteFideId "9000011"]
[BlackFideId "14102749"]
[EventDate "2014.05.24"]

1. e4 e6 2. d4 d5 3. Nc3 dxe4 4. Nxe4 Nd7 5. Nf3 Ngf6 6. Bd3 Nxe4 7. Bxe4 Nf6 8.
Bg5 h6 9. Bxf6 Qxf6 10. Qe2 a6 11. O-O-O Bd6 12. Kb1 Qe7 13. Ne5 c5 14. Nc6 Qc7
15. dxc5 Be7 16. Nxe7 Qxe7 17. Rd6 O-O 18. Rhd1 e5 19. f4 Qc7 20. f5 Qxc5 21.
Qd2 Qc4 22. Re1 a5 23. Rxh6 gxh6 24. f6 Be6 25. b3 Qb4 26. Qxh6 Qxe1+ 27. Kb2 1-0

[Event "TCh-FRA Top 12 2014"]
[Site "Saint-Quentin FRA"]
[Date "2014.06.01"]
[Round "9.6"]
[White "Dionisi, Thomas"]
[Black "Tregubov, Pavel V."]
[Result "1-0"]
[WhiteTitle "FM"]
[BlackTitle "GM"]
[WhiteElo "2377"]
[BlackElo "2616"]
[WhiteTeam "C.E. de Bois-Colombes"]
[BlackTeam "Clichy-Echecs-92"]
[WhiteFideId "651893"]
[BlackFideId "4115341"]
[EventDate "2014.05.24"]

1. e4 c5 2. Nf3 Nc6 3. Bb5 d6 4. O-O Bd7 5. Re1 Nf6 6. c3 a6 7. Bf1 Bg4 8. h3
Bxf3 9. Qxf3 g6 10. d3 Bg7 11. Be3 Nd7 12. Nd2 O-O 13. Qe2 b5 14. a3 Nb6 15. Nf3
Rc8 16. Rac1 Qd7 17. Qd2 Qb7 18. Bh6 Rfd8 19. h4 e5 20. h5 Qe7 21. g3 Re8 22.
Kg2 Bxh6 23. Qxh6 Qf8 24. Qe3 d5 25. hxg6 fxg6 26. Be2 d4 27. Qg5 Rc7 28. Rh1
Rf7 29. Rh6 Re6 30. Rch1 Ref6 31. Kg1 Qe7 32. Qg4 Qd7 33. Qh4 dxc3 34. bxc3 c4
35. Ng5 cxd3 36. Rxg6+ hxg6 37. Nh7 1-0

[Event "TCh-FRA Top 12 2014"]
[Site "Saint-Quentin FRA"]
[Date "2014.06.01"]
[Round "9.7"]
[White "Skripchenko, Almira"]
[Black "Vuilleumier, Alexandre"]
[Result "1-0"]
[WhiteTitle "IM"]
[BlackTitle "IM"]
[WhiteElo "2442"]
[BlackElo "2338"]
[WhiteTeam "Clichy-Echecs-92"]
[BlackTeam "C.E. de Bois-Colombes"]
[WhiteFideId "13900145"]
[BlackFideId "1305662"]
[EventDate "2014.05.24"]

1. Nf3 Nf6 2. g3 g6 3. b3 Bg7 4. Bb2 O-O 5. Bg2 d5 6. c4 c5 7. cxd5 Nxd5 8. Bxg7
Kxg7 9. Qc1 Qd6 10. Nc3 Nf6 11. O-O Na6 12. Qb2 Bg4 13. Ne4 Qb6 14. Ne5 Bxe2 15.
Nd7 Qd8 16. Nxf8 Bxf1 17. Rxf1 Rb8 18. Ne6+ fxe6 19. Ng5 Nc7 20. Re1 Qd4 21.
Qxd4 cxd4 22. Rc1 Nfe8 23. f4 h6 24. Nf3 Rd8 25. Ne5 Nd5 26. Rc4 Nb6 27. Rb4 Nd6
28. a4 Rc8 29. Rxd4 a5 30. b4 Nxa4 31. bxa5 Nc5 32. Rb4 Ra8 33. d4 Na6 34. Bxb7
Rb8 35. Rb6 Rxb7 36. Rxa6 Rb1+ 37. Kg2 g5 38. fxg5 hxg5 39. Ra7 Nf5 40. a6 Nxd4
41. Rxe7+ Kf6 42. Rb7 Ra1 43. Nd7+ Ke7 44. Nb6+ Kd6 45. Rd7+ Kc5 46. a7 Kxb6 47.
Rxd4 Kc6 48. Rg4 Rxa7 49. Rxg5 Ra2+ 50. Kh3 Kd6 51. Rh5 e5 52. Kg4 Rf2 53. Rh8
Ke7 54. Rh4 Kf6 55. Rh6+ Kf7 56. Kh3 e4 57. Rh4 e3 58. Re4 Rf3 59. Kg4 Rf2 60.
h4 e2 61. Kg5 Kg7 62. g4 Kf7 63. h5 Kg7 64. Kh4 Rg2 65. Kh3 Rg1 66. Rxe2 Kf6 67.
Rf2+ Kg5 68. Rf5+ Kh6 69. Rf6+ Kg7 70. Rg6+ Kh7 71. Kh4 Ra1 72. Rf6 Ra5 73. Rf7+
Kg8 74. Rb7 Kh8 75. h6 Kg8 76. g5 Ra6 77. Kh5 Ra5 78. Rg7+ Kh8 79. Rf7 Kg8 80.
Rf6 Kh7 81. Re6 Rb5 82. Re7+ Kg8 83. Kg6 Rb6+ 84. Kf5 Rb5+ 85. Kf6 Rb6+ 86. Re6
Rb8 87. g6 1-0

[Event "TCh-FRA Top 12 2014"]
[Site "Saint-Quentin FRA"]
[Date "2014.06.01"]
[Round "9.8"]
[White "Guichard, Pauline"]
[Black "Delorme, Axel"]
[Result "1/2-1/2"]
[WhiteTitle "WGM"]
[BlackTitle "IM"]
[WhiteElo "2352"]
[BlackElo "2487"]
[WhiteTeam "C.E. de Bois-Colombes"]
[BlackTeam "Clichy-Echecs-92"]
[WhiteFideId "639370"]
[BlackFideId "632023"]
[EventDate "2014.05.24"]

1. d4 d5 2. c4 e6 3. Nf3 a6 4. e3 Nf6 5. Nc3 c5 6. dxc5 Bxc5 7. a3 O-O 8. b4 Bd6
9. Bb2 dxc4 10. Bxc4 b5 11. Bb3 Bb7 12. O-O Qe7 13. Qe2 Nbd7 14. Rad1 Rac8 15.
h3 Rfd8 16. Rd2 Nb6 17. Rfd1 Nc4 18. Bxc4 Rxc4 19. Ne5 Rcc8 20. Nf3 Bb8 21. e4
h6 22. Qe3 Rxd2 23. Rxd2 Qc7 24. Rd1 Kh7 25. Qd3 Qc4 26. Qxc4 Rxc4 27. Nd2 Rc8
28. f3 Ba7+ 29. Kf1 Bd4 30. Na4 Be3 31. Nc3 Bd4 32. Na4 Ba7 33. Nc3 Rd8 34. Nb3
Rxd1+ 35. Nxd1 Nd7 36. Bd4 Bb8 37. Ke2 g5 38. Nf2 f5 39. Nc5 Nxc5 40. Bxc5 Kg6
41. Ke3 Bf4+ 42. Kd4 e5+ 43. Kd3 h5 44. Be3 Bg3 45. Nd1 g4 46. hxg4 hxg4 47. Bd2
gxf3 48. gxf3 Kf6 49. Nc3 Ke6 50. Ne2 Bh4 51. Bc3 Bf2 52. Nc1 Bc8 53. Ke2 Bb6
54. Nd3 Bc7 55. Nc5+ Kd6 56. exf5 Bxf5 57. Nxa6 Bb6 58. Nc5 1/2-1/2